| 000 | 00645nam a2200193 i 4500 | ||
|---|---|---|---|
| 001 | 142228 | ||
| 003 | ES-MaACL | ||
| 005 | 20250727091311.0 | ||
| 007 | t| | ||
| 008 | 071003s1948 sp ||||1| spa d | ||
| 100 | 1 |
_aVillanueva Lázaro, Carlos. _9115045 |
|
| 245 | 1 | 3 |
_aEl impuesto sobre valores mobiliarios / _cCarlos Villanueva Lázaro. |
| 260 |
_aMadrid : _bRevista de Derecho Privado, _c[1948] |
||
| 300 |
_aXI, 219 p. ; _c23 cm. |
||
| 490 | 1 | _aMonografías prácticas de derecho español | |
| 830 | 0 | 0 |
_aMonografías prácticas de derecho español _9181279 |
| 852 |
_aES-MaACL _jC-5303 _bR.25371 |
||
| 999 |
_c142228 _d142228 |
||